Photo Open Access

Album of Ernst Benedikt Kietz, Heinrich-Heine-Institut Düsseldorf, 77.5041, 19th century

Droese, Janine; Helmholz, Karsten


MARC21 XML Export

<?xml version='1.0' encoding='UTF-8'?>
<record xmlns="http://www.loc.gov/MARC21/slim">
  <leader>00000nkm##2200000uu#4500</leader>
  <datafield tag="024" ind1=" " ind2=" ">
    <subfield code="a">10.25592/uhhfdm.10329</subfield>
    <subfield code="2">doi</subfield>
  </datafield>
  <datafield tag="980" ind1=" " ind2=" ">
    <subfield code="a">image</subfield>
    <subfield code="b">photo</subfield>
  </datafield>
  <datafield tag="500" ind1=" " ind2=" ">
    <subfield code="a">The research on this album was funded by the Deutsche Forschungsgemeinschaft (DFG, German Research Foundation) under Germany's Excellence Strategy – EXC 2176 'Understanding Written Artefacts: Material, Interaction and Transmission in Manuscript Cultures', project no. 390893796. The research was conducted within the scope of the Centre for the Study of Manuscript Cultures (CSMC) at Universität Hamburg.</subfield>
  </datafield>
  <datafield tag="520" ind1=" " ind2=" ">
    <subfield code="a">&lt;p&gt;The album, a collection of album leaves in a box, is kept in the&amp;nbsp;&lt;a href="https://www.duesseldorf.de/heineinstitut/"&gt;Heinrich-Heine-Institut D&amp;uuml;sseldorf&lt;/a&gt;&amp;nbsp;(shelfmark HHI.AUT.77.5041). It has been digitised by CSMC as part of the project &amp;lsquo;Creating Music Albums as Originals Made of Originals&amp;rsquo;. The box measures 30 &amp;times; 23,5 cm (landscape) and contains 46 single leaves and one double leaf, dedicated to the painter and lithographer Ernst Benedikt Kietz (1815&amp;ndash;1892).&lt;/p&gt;

&lt;p&gt;LICENSE&lt;br&gt;
Any publication of the images online, in print or any other media format, requires written permission by the &lt;a href="https://www.duesseldorf.de/heineinstitut/"&gt;Heinrich-Heine-Institut D&amp;uuml;sseldorf&lt;/a&gt;.&lt;/p&gt;

&lt;p&gt;&lt;strong&gt;By downloading the images you agree to these terms.&lt;/strong&gt;&lt;/p&gt;</subfield>
  </datafield>
  <datafield tag="100" ind1=" " ind2=" ">
    <subfield code="a">Droese, Janine</subfield>
    <subfield code="u">Centre for the Study of Manuscript Cultures (CSMC)</subfield>
  </datafield>
  <datafield tag="245" ind1=" " ind2=" ">
    <subfield code="a">Album of Ernst Benedikt Kietz, Heinrich-Heine-Institut Düsseldorf, 77.5041, 19th century</subfield>
  </datafield>
  <datafield tag="980" ind1=" " ind2=" ">
    <subfield code="a">user-csmc</subfield>
  </datafield>
  <datafield tag="980" ind1=" " ind2=" ">
    <subfield code="a">user-uhh</subfield>
  </datafield>
  <datafield tag="653" ind1=" " ind2=" ">
    <subfield code="a">CSMC</subfield>
  </datafield>
  <datafield tag="653" ind1=" " ind2=" ">
    <subfield code="a">Written Artefact</subfield>
  </datafield>
  <datafield tag="653" ind1=" " ind2=" ">
    <subfield code="a">Manuscript</subfield>
  </datafield>
  <datafield tag="653" ind1=" " ind2=" ">
    <subfield code="a">UWA</subfield>
  </datafield>
  <datafield tag="653" ind1=" " ind2=" ">
    <subfield code="a">Music</subfield>
  </datafield>
  <datafield tag="653" ind1=" " ind2=" ">
    <subfield code="a">Musicology</subfield>
  </datafield>
  <datafield tag="653" ind1=" " ind2=" ">
    <subfield code="a">RFC04</subfield>
  </datafield>
  <datafield tag="653" ind1=" " ind2=" ">
    <subfield code="a">Album</subfield>
  </datafield>
  <datafield tag="653" ind1=" " ind2=" ">
    <subfield code="a">Heinrich-Heine-Archiv</subfield>
  </datafield>
  <datafield tag="653" ind1=" " ind2=" ">
    <subfield code="a">Stammbuch</subfield>
  </datafield>
  <datafield tag="653" ind1=" " ind2=" ">
    <subfield code="a">Ernst Benedikt Kietz</subfield>
  </datafield>
  <datafield tag="653" ind1=" " ind2=" ">
    <subfield code="a">19th century</subfield>
  </datafield>
  <datafield tag="653" ind1=" " ind2=" ">
    <subfield code="a">Friendship album</subfield>
  </datafield>
  <datafield tag="909" ind1="C" ind2="O">
    <subfield code="o">oai:fdr.uni-hamburg.de:10329</subfield>
    <subfield code="p">user-csmc</subfield>
    <subfield code="p">user-uhh</subfield>
  </datafield>
  <controlfield tag="005">20240226142347.0</controlfield>
  <datafield tag="540" ind1=" " ind2=" ">
    <subfield code="a">Other (Not Open)</subfield>
  </datafield>
  <datafield tag="542" ind1=" " ind2=" ">
    <subfield code="l">open</subfield>
  </datafield>
  <controlfield tag="001">10329</controlfield>
  <datafield tag="260" ind1=" " ind2=" ">
    <subfield code="c">2022-07-20</subfield>
  </datafield>
  <datafield tag="773" ind1=" " ind2=" ">
    <subfield code="a">10.25592/uhhfdm.10328</subfield>
    <subfield code="i">isVersionOf</subfield>
    <subfield code="n">doi</subfield>
  </datafield>
  <datafield tag="856" ind1="4" ind2=" ">
    <subfield code="s">80248808</subfield>
    <subfield code="u">https://www.fdr.uni-hamburg.de/record/10329/files/001_77_5041_Kietz_01r.tif</subfield>
    <subfield code="z">md5:d41514ef783b1113c47c2f20f42f92ca</subfield>
  </datafield>
  <datafield tag="856" ind1="4" ind2=" ">
    <subfield code="s">81097102</subfield>
    <subfield code="u">https://www.fdr.uni-hamburg.de/record/10329/files/002_77_5041_Kietz_01v.tif</subfield>
    <subfield code="z">md5:a9c258d7a9fee410209dbc7ab5b14b99</subfield>
  </datafield>
  <datafield tag="856" ind1="4" ind2=" ">
    <subfield code="s">83994562</subfield>
    <subfield code="u">https://www.fdr.uni-hamburg.de/record/10329/files/003_77_5041_Kietz_02r.tif</subfield>
    <subfield code="z">md5:4811aaab57cfd807cd3c54b1ac8f7452</subfield>
  </datafield>
  <datafield tag="856" ind1="4" ind2=" ">
    <subfield code="s">83535644</subfield>
    <subfield code="u">https://www.fdr.uni-hamburg.de/record/10329/files/004_77_5041_Kietz_02v.tif</subfield>
    <subfield code="z">md5:293c9507d0b94f91a412c368a99bc15b</subfield>
  </datafield>
  <datafield tag="856" ind1="4" ind2=" ">
    <subfield code="s">74593648</subfield>
    <subfield code="u">https://www.fdr.uni-hamburg.de/record/10329/files/005_77_5041_Kietz_03r.tif</subfield>
    <subfield code="z">md5:4bc50c08732db744e1fd56136030b1fc</subfield>
  </datafield>
  <datafield tag="856" ind1="4" ind2=" ">
    <subfield code="s">76534642</subfield>
    <subfield code="u">https://www.fdr.uni-hamburg.de/record/10329/files/006_77_5041_Kietz_03r_a.tif</subfield>
    <subfield code="z">md5:a105a1d2b2e6f1ecc4a02d9fcd75e0d6</subfield>
  </datafield>
  <datafield tag="856" ind1="4" ind2=" ">
    <subfield code="s">75672454</subfield>
    <subfield code="u">https://www.fdr.uni-hamburg.de/record/10329/files/007_77_5041_Kietz_03v.tif</subfield>
    <subfield code="z">md5:c64a6ec5d558a1dafdc2d43942de1739</subfield>
  </datafield>
  <datafield tag="856" ind1="4" ind2=" ">
    <subfield code="s">78438266</subfield>
    <subfield code="u">https://www.fdr.uni-hamburg.de/record/10329/files/008_77_5041_Kietz_04r.tif</subfield>
    <subfield code="z">md5:2d23dc7159d85873b6bc699e1a2d8fa3</subfield>
  </datafield>
  <datafield tag="856" ind1="4" ind2=" ">
    <subfield code="s">76151028</subfield>
    <subfield code="u">https://www.fdr.uni-hamburg.de/record/10329/files/009_77_5041_Kietz_04v.tif</subfield>
    <subfield code="z">md5:2306f410756a3b1676647c9e53fb9b42</subfield>
  </datafield>
  <datafield tag="856" ind1="4" ind2=" ">
    <subfield code="s">75810734</subfield>
    <subfield code="u">https://www.fdr.uni-hamburg.de/record/10329/files/010_77_5041_Kietz_05r.tif</subfield>
    <subfield code="z">md5:970e8de9fe53d84bde8b3c46155d261c</subfield>
  </datafield>
  <datafield tag="856" ind1="4" ind2=" ">
    <subfield code="s">75705582</subfield>
    <subfield code="u">https://www.fdr.uni-hamburg.de/record/10329/files/011_77_5041_Kietz_05v.tif</subfield>
    <subfield code="z">md5:42fc58ae02e5604127fa005f47c85349</subfield>
  </datafield>
  <datafield tag="856" ind1="4" ind2=" ">
    <subfield code="s">74225594</subfield>
    <subfield code="u">https://www.fdr.uni-hamburg.de/record/10329/files/012_77_5041_Kietz_06r.tif</subfield>
    <subfield code="z">md5:022792a39b7f7a2e68eec0a68e46414b</subfield>
  </datafield>
  <datafield tag="856" ind1="4" ind2=" ">
    <subfield code="s">73649530</subfield>
    <subfield code="u">https://www.fdr.uni-hamburg.de/record/10329/files/013_77_5041_Kietz_06v.tif</subfield>
    <subfield code="z">md5:6ec47e448ff30d38ccba67752755819a</subfield>
  </datafield>
  <datafield tag="856" ind1="4" ind2=" ">
    <subfield code="s">72272858</subfield>
    <subfield code="u">https://www.fdr.uni-hamburg.de/record/10329/files/014_77_5041_Kietz_07r.tif</subfield>
    <subfield code="z">md5:be3fa610ccdf47f2ee7710082b162ed1</subfield>
  </datafield>
  <datafield tag="856" ind1="4" ind2=" ">
    <subfield code="s">74763844</subfield>
    <subfield code="u">https://www.fdr.uni-hamburg.de/record/10329/files/015_77_5041_Kietz_07v.tif</subfield>
    <subfield code="z">md5:3463b86bbf51613846c70ebc2a5ec4fa</subfield>
  </datafield>
  <datafield tag="856" ind1="4" ind2=" ">
    <subfield code="s">75303418</subfield>
    <subfield code="u">https://www.fdr.uni-hamburg.de/record/10329/files/016_77_5041_Kietz_08r.tif</subfield>
    <subfield code="z">md5:70d7f171f7c13347a7d7e3903100883b</subfield>
  </datafield>
  <datafield tag="856" ind1="4" ind2=" ">
    <subfield code="s">75753350</subfield>
    <subfield code="u">https://www.fdr.uni-hamburg.de/record/10329/files/017_77_5041_Kietz_08v.tif</subfield>
    <subfield code="z">md5:1d5cf83f9761210f8dc027a88348ba75</subfield>
  </datafield>
  <datafield tag="856" ind1="4" ind2=" ">
    <subfield code="s">79577754</subfield>
    <subfield code="u">https://www.fdr.uni-hamburg.de/record/10329/files/018_77_5041_Kietz_09r.tif</subfield>
    <subfield code="z">md5:a37ec4069a712dd7f2b5e28a90d91346</subfield>
  </datafield>
  <datafield tag="856" ind1="4" ind2=" ">
    <subfield code="s">74604110</subfield>
    <subfield code="u">https://www.fdr.uni-hamburg.de/record/10329/files/019_77_5041_Kietz_09v.tif</subfield>
    <subfield code="z">md5:688866a77f1c2f101650eedf165ca355</subfield>
  </datafield>
  <datafield tag="856" ind1="4" ind2=" ">
    <subfield code="s">83343902</subfield>
    <subfield code="u">https://www.fdr.uni-hamburg.de/record/10329/files/020_77_5041_Kietz_10r.tif</subfield>
    <subfield code="z">md5:a8c094560c59ec17a313df5204b83a8d</subfield>
  </datafield>
  <datafield tag="856" ind1="4" ind2=" ">
    <subfield code="s">77336444</subfield>
    <subfield code="u">https://www.fdr.uni-hamburg.de/record/10329/files/021_77_5041_Kietz_10v.tif</subfield>
    <subfield code="z">md5:54d560262aed62ab9da12331cd25b849</subfield>
  </datafield>
  <datafield tag="856" ind1="4" ind2=" ">
    <subfield code="s">81565188</subfield>
    <subfield code="u">https://www.fdr.uni-hamburg.de/record/10329/files/022_77_5041_Kietz_11r.tif</subfield>
    <subfield code="z">md5:9ba23c3aa2b97a2c0461c38eaa0f90bb</subfield>
  </datafield>
  <datafield tag="856" ind1="4" ind2=" ">
    <subfield code="s">75905704</subfield>
    <subfield code="u">https://www.fdr.uni-hamburg.de/record/10329/files/023_77_5041_Kietz_11v.tif</subfield>
    <subfield code="z">md5:4f3df807c45cb4d0d07106e8547f242c</subfield>
  </datafield>
  <datafield tag="856" ind1="4" ind2=" ">
    <subfield code="s">73559514</subfield>
    <subfield code="u">https://www.fdr.uni-hamburg.de/record/10329/files/024_77_5041_Kietz_12r.tif</subfield>
    <subfield code="z">md5:57268599c33ee06f118e421364654a08</subfield>
  </datafield>
  <datafield tag="856" ind1="4" ind2=" ">
    <subfield code="s">75715492</subfield>
    <subfield code="u">https://www.fdr.uni-hamburg.de/record/10329/files/025_77_5041_Kietz_12v.tif</subfield>
    <subfield code="z">md5:c28655515e66eb2c7a2845c1eb3f5e4b</subfield>
  </datafield>
  <datafield tag="856" ind1="4" ind2=" ">
    <subfield code="s">77739756</subfield>
    <subfield code="u">https://www.fdr.uni-hamburg.de/record/10329/files/026_77_5041_Kietz_13r.tif</subfield>
    <subfield code="z">md5:331e09219afd980bd31133bb097effd0</subfield>
  </datafield>
  <datafield tag="856" ind1="4" ind2=" ">
    <subfield code="s">76193378</subfield>
    <subfield code="u">https://www.fdr.uni-hamburg.de/record/10329/files/027_77_5041_Kietz_13v.tif</subfield>
    <subfield code="z">md5:865378fb705fb3f41d80f84068089274</subfield>
  </datafield>
  <datafield tag="856" ind1="4" ind2=" ">
    <subfield code="s">85583616</subfield>
    <subfield code="u">https://www.fdr.uni-hamburg.de/record/10329/files/028_77_5041_Kietz_14r.tif</subfield>
    <subfield code="z">md5:632ebd80c75a6838dba867803765a749</subfield>
  </datafield>
  <datafield tag="856" ind1="4" ind2=" ">
    <subfield code="s">78701554</subfield>
    <subfield code="u">https://www.fdr.uni-hamburg.de/record/10329/files/029_77_5041_Kietz_14r_a.tif</subfield>
    <subfield code="z">md5:39e59ee81b3339f384094fe98a1f5382</subfield>
  </datafield>
  <datafield tag="856" ind1="4" ind2=" ">
    <subfield code="s">75752122</subfield>
    <subfield code="u">https://www.fdr.uni-hamburg.de/record/10329/files/030_77_5041_Kietz_14v.tif</subfield>
    <subfield code="z">md5:67253058207b942747726eef63c8e476</subfield>
  </datafield>
  <datafield tag="856" ind1="4" ind2=" ">
    <subfield code="s">75878576</subfield>
    <subfield code="u">https://www.fdr.uni-hamburg.de/record/10329/files/031_77_5041_Kietz_15r.tif</subfield>
    <subfield code="z">md5:1f49d36134b2caa00fab225fc68af1ca</subfield>
  </datafield>
  <datafield tag="856" ind1="4" ind2=" ">
    <subfield code="s">74804862</subfield>
    <subfield code="u">https://www.fdr.uni-hamburg.de/record/10329/files/032_77_5041_Kietz_15v.tif</subfield>
    <subfield code="z">md5:6f6d749417fd5c50f9b5c2fe2475742e</subfield>
  </datafield>
  <datafield tag="856" ind1="4" ind2=" ">
    <subfield code="s">76987798</subfield>
    <subfield code="u">https://www.fdr.uni-hamburg.de/record/10329/files/033_77_5041_Kietz_16r.tif</subfield>
    <subfield code="z">md5:0c700bf50dc07d202ea96b028b15896b</subfield>
  </datafield>
  <datafield tag="856" ind1="4" ind2=" ">
    <subfield code="s">72498230</subfield>
    <subfield code="u">https://www.fdr.uni-hamburg.de/record/10329/files/034_77_5041_Kietz_16v.tif</subfield>
    <subfield code="z">md5:5ff25189ebb0c4578abd0fde643e9352</subfield>
  </datafield>
  <datafield tag="856" ind1="4" ind2=" ">
    <subfield code="s">74030954</subfield>
    <subfield code="u">https://www.fdr.uni-hamburg.de/record/10329/files/035_77_5041_Kietz_17r.tif</subfield>
    <subfield code="z">md5:2b7d6a86fe810a99c022ea026c2b9186</subfield>
  </datafield>
  <datafield tag="856" ind1="4" ind2=" ">
    <subfield code="s">71912622</subfield>
    <subfield code="u">https://www.fdr.uni-hamburg.de/record/10329/files/036_77_5041_Kietz_17v.tif</subfield>
    <subfield code="z">md5:fd648ca0959c647f1024db94994a17a6</subfield>
  </datafield>
  <datafield tag="856" ind1="4" ind2=" ">
    <subfield code="s">74874680</subfield>
    <subfield code="u">https://www.fdr.uni-hamburg.de/record/10329/files/037_77_5041_Kietz_18r.tif</subfield>
    <subfield code="z">md5:61bbd6a85b6d32db110c09d0e366a68d</subfield>
  </datafield>
  <datafield tag="856" ind1="4" ind2=" ">
    <subfield code="s">73274448</subfield>
    <subfield code="u">https://www.fdr.uni-hamburg.de/record/10329/files/038_77_5041_Kietz_18v.tif</subfield>
    <subfield code="z">md5:f3ba208593d85dc1bc3a5bfb8090966e</subfield>
  </datafield>
  <datafield tag="856" ind1="4" ind2=" ">
    <subfield code="s">73500056</subfield>
    <subfield code="u">https://www.fdr.uni-hamburg.de/record/10329/files/039_77_5041_Kietz_19r.tif</subfield>
    <subfield code="z">md5:59352243150015a106bff242f7b50a83</subfield>
  </datafield>
  <datafield tag="856" ind1="4" ind2=" ">
    <subfield code="s">69121624</subfield>
    <subfield code="u">https://www.fdr.uni-hamburg.de/record/10329/files/040_77_5041_Kietz_19v.tif</subfield>
    <subfield code="z">md5:95988b7996f6fe292abe5c322c6faddc</subfield>
  </datafield>
  <datafield tag="856" ind1="4" ind2=" ">
    <subfield code="s">71088544</subfield>
    <subfield code="u">https://www.fdr.uni-hamburg.de/record/10329/files/041_77_5041_Kietz_20r.tif</subfield>
    <subfield code="z">md5:abe6f55c23b97b8b0bc596059be205ae</subfield>
  </datafield>
  <datafield tag="856" ind1="4" ind2=" ">
    <subfield code="s">73185664</subfield>
    <subfield code="u">https://www.fdr.uni-hamburg.de/record/10329/files/042_77_5041_Kietz_20v.tif</subfield>
    <subfield code="z">md5:3932fb90c4017c97a99f6e3978b67571</subfield>
  </datafield>
  <datafield tag="856" ind1="4" ind2=" ">
    <subfield code="s">70552290</subfield>
    <subfield code="u">https://www.fdr.uni-hamburg.de/record/10329/files/043_77_5041_Kietz_21r.tif</subfield>
    <subfield code="z">md5:9ff3a1361166e5811e1c13e49be0689c</subfield>
  </datafield>
  <datafield tag="856" ind1="4" ind2=" ">
    <subfield code="s">72476622</subfield>
    <subfield code="u">https://www.fdr.uni-hamburg.de/record/10329/files/044_77_5041_Kietz_21v.tif</subfield>
    <subfield code="z">md5:86c36c6f7a6d2f7bf07720bca45af7fb</subfield>
  </datafield>
  <datafield tag="856" ind1="4" ind2=" ">
    <subfield code="s">81028150</subfield>
    <subfield code="u">https://www.fdr.uni-hamburg.de/record/10329/files/045_77_5041_Kietz_22r.tif</subfield>
    <subfield code="z">md5:5367b92348241cf7646b91df36b189c7</subfield>
  </datafield>
  <datafield tag="856" ind1="4" ind2=" ">
    <subfield code="s">77364804</subfield>
    <subfield code="u">https://www.fdr.uni-hamburg.de/record/10329/files/046_77_5041_Kietz_22v.tif</subfield>
    <subfield code="z">md5:2c09f376c5ad01d78e470407625b1c9a</subfield>
  </datafield>
  <datafield tag="856" ind1="4" ind2=" ">
    <subfield code="s">74792576</subfield>
    <subfield code="u">https://www.fdr.uni-hamburg.de/record/10329/files/047_77_5041_Kietz_23r.tif</subfield>
    <subfield code="z">md5:febe9d21c6708bab11951603ff7316f4</subfield>
  </datafield>
  <datafield tag="856" ind1="4" ind2=" ">
    <subfield code="s">75911798</subfield>
    <subfield code="u">https://www.fdr.uni-hamburg.de/record/10329/files/048_77_5041_Kietz_23r_a.tif</subfield>
    <subfield code="z">md5:cb563a6d619ad6d705e93bdd89e0819a</subfield>
  </datafield>
  <datafield tag="856" ind1="4" ind2=" ">
    <subfield code="s">72112420</subfield>
    <subfield code="u">https://www.fdr.uni-hamburg.de/record/10329/files/049_77_5041_Kietz_23v.tif</subfield>
    <subfield code="z">md5:93cba1dff869ed72a5620b0902666fa8</subfield>
  </datafield>
  <datafield tag="856" ind1="4" ind2=" ">
    <subfield code="s">75199328</subfield>
    <subfield code="u">https://www.fdr.uni-hamburg.de/record/10329/files/050_77_5041_Kietz_24r.tif</subfield>
    <subfield code="z">md5:50d0fd727b2ec66dc1e2b45584dd61d4</subfield>
  </datafield>
  <datafield tag="856" ind1="4" ind2=" ">
    <subfield code="s">73303778</subfield>
    <subfield code="u">https://www.fdr.uni-hamburg.de/record/10329/files/051_77_5041_Kietz_24v.tif</subfield>
    <subfield code="z">md5:987f03a80698aa5c7b8897ab00f057c9</subfield>
  </datafield>
  <datafield tag="856" ind1="4" ind2=" ">
    <subfield code="s">78101132</subfield>
    <subfield code="u">https://www.fdr.uni-hamburg.de/record/10329/files/052_77_5041_Kietz_25r.tif</subfield>
    <subfield code="z">md5:452bf8eab00e87ed95178a1fc5b617f5</subfield>
  </datafield>
  <datafield tag="856" ind1="4" ind2=" ">
    <subfield code="s">74515624</subfield>
    <subfield code="u">https://www.fdr.uni-hamburg.de/record/10329/files/053_77_5041_Kietz_25v.tif</subfield>
    <subfield code="z">md5:a942c84162d86e19c0c78d689a2e3606</subfield>
  </datafield>
  <datafield tag="856" ind1="4" ind2=" ">
    <subfield code="s">77625238</subfield>
    <subfield code="u">https://www.fdr.uni-hamburg.de/record/10329/files/054_77_5041_Kietz_26r.tif</subfield>
    <subfield code="z">md5:415da899568a11f329f5e13fcded2f94</subfield>
  </datafield>
  <datafield tag="856" ind1="4" ind2=" ">
    <subfield code="s">76691360</subfield>
    <subfield code="u">https://www.fdr.uni-hamburg.de/record/10329/files/055_77_5041_Kietz_26v.tif</subfield>
    <subfield code="z">md5:83bf5d8dde1888a4ca4c2f096593e057</subfield>
  </datafield>
  <datafield tag="856" ind1="4" ind2=" ">
    <subfield code="s">71846860</subfield>
    <subfield code="u">https://www.fdr.uni-hamburg.de/record/10329/files/056_77_5041_Kietz_27r.tif</subfield>
    <subfield code="z">md5:de0bdfeedf0a8a0f316c1a233f4b6b5b</subfield>
  </datafield>
  <datafield tag="856" ind1="4" ind2=" ">
    <subfield code="s">73169544</subfield>
    <subfield code="u">https://www.fdr.uni-hamburg.de/record/10329/files/057_77_5041_Kietz_27v.tif</subfield>
    <subfield code="z">md5:d4a9be44a35ed531b920c8d34f1a9018</subfield>
  </datafield>
  <datafield tag="856" ind1="4" ind2=" ">
    <subfield code="s">74564538</subfield>
    <subfield code="u">https://www.fdr.uni-hamburg.de/record/10329/files/058_77_5041_Kietz_28r.tif</subfield>
    <subfield code="z">md5:d1a7dae1939eda8b34a48a15f0dc06d8</subfield>
  </datafield>
  <datafield tag="856" ind1="4" ind2=" ">
    <subfield code="s">72668062</subfield>
    <subfield code="u">https://www.fdr.uni-hamburg.de/record/10329/files/059_77_5041_Kietz_28v.tif</subfield>
    <subfield code="z">md5:d62733929157b6dda6ba0f98dd5727d7</subfield>
  </datafield>
  <datafield tag="856" ind1="4" ind2=" ">
    <subfield code="s">75057888</subfield>
    <subfield code="u">https://www.fdr.uni-hamburg.de/record/10329/files/060_77_5041_Kietz_29r.tif</subfield>
    <subfield code="z">md5:fdc8519468d3b5eff3f41152c9db7254</subfield>
  </datafield>
  <datafield tag="856" ind1="4" ind2=" ">
    <subfield code="s">69293112</subfield>
    <subfield code="u">https://www.fdr.uni-hamburg.de/record/10329/files/061_77_5041_Kietz_29v.tif</subfield>
    <subfield code="z">md5:a4b3c83f72094ffa3bfa6c4870ade27a</subfield>
  </datafield>
  <datafield tag="856" ind1="4" ind2=" ">
    <subfield code="s">77127914</subfield>
    <subfield code="u">https://www.fdr.uni-hamburg.de/record/10329/files/062_77_5041_Kietz_30r.tif</subfield>
    <subfield code="z">md5:5c23909bb47a378edf4be36ea7b6316d</subfield>
  </datafield>
  <datafield tag="856" ind1="4" ind2=" ">
    <subfield code="s">71317556</subfield>
    <subfield code="u">https://www.fdr.uni-hamburg.de/record/10329/files/063_77_5041_Kietz_30v.tif</subfield>
    <subfield code="z">md5:1cabe0eb7af18e8748db011e8c681032</subfield>
  </datafield>
  <datafield tag="856" ind1="4" ind2=" ">
    <subfield code="s">83975654</subfield>
    <subfield code="u">https://www.fdr.uni-hamburg.de/record/10329/files/064_77_5041_Kietz_31r.tif</subfield>
    <subfield code="z">md5:fae000dc61b572a17163e02ddf1edbeb</subfield>
  </datafield>
  <datafield tag="856" ind1="4" ind2=" ">
    <subfield code="s">81852714</subfield>
    <subfield code="u">https://www.fdr.uni-hamburg.de/record/10329/files/065_77_5041_Kietz_31v.tif</subfield>
    <subfield code="z">md5:66d302f30e81b0bf1fb0e206d1a9ca67</subfield>
  </datafield>
  <datafield tag="856" ind1="4" ind2=" ">
    <subfield code="s">73006116</subfield>
    <subfield code="u">https://www.fdr.uni-hamburg.de/record/10329/files/066_77_5041_Kietz_32r.tif</subfield>
    <subfield code="z">md5:eb53ab3e2a2ab3a1ed9dede5d9f17ed7</subfield>
  </datafield>
  <datafield tag="856" ind1="4" ind2=" ">
    <subfield code="s">70385374</subfield>
    <subfield code="u">https://www.fdr.uni-hamburg.de/record/10329/files/067_77_5041_Kietz_32v.tif</subfield>
    <subfield code="z">md5:79403924c8d2bf911a01f91eb716e801</subfield>
  </datafield>
  <datafield tag="856" ind1="4" ind2=" ">
    <subfield code="s">76741484</subfield>
    <subfield code="u">https://www.fdr.uni-hamburg.de/record/10329/files/068_77_5041_Kietz_33r.tif</subfield>
    <subfield code="z">md5:74f68be292a21ddc22978ad7cfd31a45</subfield>
  </datafield>
  <datafield tag="856" ind1="4" ind2=" ">
    <subfield code="s">70891948</subfield>
    <subfield code="u">https://www.fdr.uni-hamburg.de/record/10329/files/069_77_5041_Kietz_33v.tif</subfield>
    <subfield code="z">md5:feb0574f5c3cbc3147eb6f9d72a70d21</subfield>
  </datafield>
  <datafield tag="856" ind1="4" ind2=" ">
    <subfield code="s">74374478</subfield>
    <subfield code="u">https://www.fdr.uni-hamburg.de/record/10329/files/070_77_5041_Kietz_34r.tif</subfield>
    <subfield code="z">md5:2ed3b1ab71ce9ade641c45d6de0f327a</subfield>
  </datafield>
  <datafield tag="856" ind1="4" ind2=" ">
    <subfield code="s">72476226</subfield>
    <subfield code="u">https://www.fdr.uni-hamburg.de/record/10329/files/071_77_5041_Kietz_34v.tif</subfield>
    <subfield code="z">md5:12c8a5da6f1aff321e96b6706b37814c</subfield>
  </datafield>
  <datafield tag="856" ind1="4" ind2=" ">
    <subfield code="s">86452106</subfield>
    <subfield code="u">https://www.fdr.uni-hamburg.de/record/10329/files/072_77_5041_Kietz_35r.tif</subfield>
    <subfield code="z">md5:91297fc7580a955a33862ca36f304445</subfield>
  </datafield>
  <datafield tag="856" ind1="4" ind2=" ">
    <subfield code="s">72668910</subfield>
    <subfield code="u">https://www.fdr.uni-hamburg.de/record/10329/files/073_77_5041_Kietz_35v.tif</subfield>
    <subfield code="z">md5:59d2be10919c18586828ecb28d38d090</subfield>
  </datafield>
  <datafield tag="856" ind1="4" ind2=" ">
    <subfield code="s">74149512</subfield>
    <subfield code="u">https://www.fdr.uni-hamburg.de/record/10329/files/074_77_5041_Kietz_36r.tif</subfield>
    <subfield code="z">md5:a135b58dd6dbe6d24c95ca4d2e8e61f0</subfield>
  </datafield>
  <datafield tag="856" ind1="4" ind2=" ">
    <subfield code="s">71186388</subfield>
    <subfield code="u">https://www.fdr.uni-hamburg.de/record/10329/files/075_77_5041_Kietz_36v.tif</subfield>
    <subfield code="z">md5:ca2cf4eab8d3d9ad0d9a7cea09bd5e9c</subfield>
  </datafield>
  <datafield tag="856" ind1="4" ind2=" ">
    <subfield code="s">75427016</subfield>
    <subfield code="u">https://www.fdr.uni-hamburg.de/record/10329/files/076_77_5041_Kietz_37r.tif</subfield>
    <subfield code="z">md5:690b63d441037f7f87b350626bfae491</subfield>
  </datafield>
  <datafield tag="856" ind1="4" ind2=" ">
    <subfield code="s">70972986</subfield>
    <subfield code="u">https://www.fdr.uni-hamburg.de/record/10329/files/077_77_5041_Kietz_37v.tif</subfield>
    <subfield code="z">md5:6bca48eec2ec334c7e646423d3188e13</subfield>
  </datafield>
  <datafield tag="856" ind1="4" ind2=" ">
    <subfield code="s">69824092</subfield>
    <subfield code="u">https://www.fdr.uni-hamburg.de/record/10329/files/078_77_5041_Kietz_38r.tif</subfield>
    <subfield code="z">md5:a9d3910d41d725a0d29156d1ca7ed31f</subfield>
  </datafield>
  <datafield tag="856" ind1="4" ind2=" ">
    <subfield code="s">70712938</subfield>
    <subfield code="u">https://www.fdr.uni-hamburg.de/record/10329/files/079_77_5041_Kietz_38v.tif</subfield>
    <subfield code="z">md5:0c76ff165c7bd6a94e7cd6cff896529b</subfield>
  </datafield>
  <datafield tag="856" ind1="4" ind2=" ">
    <subfield code="s">77911326</subfield>
    <subfield code="u">https://www.fdr.uni-hamburg.de/record/10329/files/080_77_5041_Kietz_39r.tif</subfield>
    <subfield code="z">md5:dcd0ba1a33cef187443b73f70c10b545</subfield>
  </datafield>
  <datafield tag="856" ind1="4" ind2=" ">
    <subfield code="s">75225764</subfield>
    <subfield code="u">https://www.fdr.uni-hamburg.de/record/10329/files/081_77_5041_Kietz_39v.tif</subfield>
    <subfield code="z">md5:6ff03ce8710f78d72f362f42a882d54c</subfield>
  </datafield>
  <datafield tag="856" ind1="4" ind2=" ">
    <subfield code="s">74222188</subfield>
    <subfield code="u">https://www.fdr.uni-hamburg.de/record/10329/files/082_77_5041_Kietz_40r.tif</subfield>
    <subfield code="z">md5:0c85ec14ffbf8d0f528a4c42032ec6b0</subfield>
  </datafield>
  <datafield tag="856" ind1="4" ind2=" ">
    <subfield code="s">72236588</subfield>
    <subfield code="u">https://www.fdr.uni-hamburg.de/record/10329/files/083_77_5041_Kietz_40v.tif</subfield>
    <subfield code="z">md5:0fa8367740965d6d54e704ec2e8cee84</subfield>
  </datafield>
  <datafield tag="856" ind1="4" ind2=" ">
    <subfield code="s">83401758</subfield>
    <subfield code="u">https://www.fdr.uni-hamburg.de/record/10329/files/084_77_5041_Kietz_41r.tif</subfield>
    <subfield code="z">md5:06c7e9854ce6505135c2b005907bdae9</subfield>
  </datafield>
  <datafield tag="856" ind1="4" ind2=" ">
    <subfield code="s">77959012</subfield>
    <subfield code="u">https://www.fdr.uni-hamburg.de/record/10329/files/085_77_5041_Kietz_41r_a.tif</subfield>
    <subfield code="z">md5:f337f550133595a1922fc993999ad81d</subfield>
  </datafield>
  <datafield tag="856" ind1="4" ind2=" ">
    <subfield code="s">82014922</subfield>
    <subfield code="u">https://www.fdr.uni-hamburg.de/record/10329/files/086_77_5041_Kietz_41v.tif</subfield>
    <subfield code="z">md5:de81d3ae855f170251e69f8c3f519830</subfield>
  </datafield>
  <datafield tag="856" ind1="4" ind2=" ">
    <subfield code="s">71505250</subfield>
    <subfield code="u">https://www.fdr.uni-hamburg.de/record/10329/files/087_77_5041_Kietz_42r.tif</subfield>
    <subfield code="z">md5:95e27757fb70a6a5bd81745aec4ca5ba</subfield>
  </datafield>
  <datafield tag="856" ind1="4" ind2=" ">
    <subfield code="s">71986434</subfield>
    <subfield code="u">https://www.fdr.uni-hamburg.de/record/10329/files/088_77_5041_Kietz_42v.tif</subfield>
    <subfield code="z">md5:6468696eadf969e4c0d0dae449c6390e</subfield>
  </datafield>
  <datafield tag="856" ind1="4" ind2=" ">
    <subfield code="s">74109618</subfield>
    <subfield code="u">https://www.fdr.uni-hamburg.de/record/10329/files/089_77_5041_Kietz_43r.tif</subfield>
    <subfield code="z">md5:6f5aa97f5e6591ad1859beb5b883cc22</subfield>
  </datafield>
  <datafield tag="856" ind1="4" ind2=" ">
    <subfield code="s">73288810</subfield>
    <subfield code="u">https://www.fdr.uni-hamburg.de/record/10329/files/090_77_5041_Kietz_43v.tif</subfield>
    <subfield code="z">md5:241b2902a575ab811a5dcda83cc2e895</subfield>
  </datafield>
  <datafield tag="856" ind1="4" ind2=" ">
    <subfield code="s">71246384</subfield>
    <subfield code="u">https://www.fdr.uni-hamburg.de/record/10329/files/091_77_5041_Kietz_44r.tif</subfield>
    <subfield code="z">md5:8da057566431702ec89cec53e43c4a4b</subfield>
  </datafield>
  <datafield tag="856" ind1="4" ind2=" ">
    <subfield code="s">71898850</subfield>
    <subfield code="u">https://www.fdr.uni-hamburg.de/record/10329/files/092_77_5041_Kietz_44v.tif</subfield>
    <subfield code="z">md5:26e421d57b3cce1ca5c7cf79cd4b8eb0</subfield>
  </datafield>
  <datafield tag="856" ind1="4" ind2=" ">
    <subfield code="s">74012376</subfield>
    <subfield code="u">https://www.fdr.uni-hamburg.de/record/10329/files/093_77_5041_Kietz_45r.tif</subfield>
    <subfield code="z">md5:00b325e3cb006df67af9e3104e1d717d</subfield>
  </datafield>
  <datafield tag="856" ind1="4" ind2=" ">
    <subfield code="s">73206506</subfield>
    <subfield code="u">https://www.fdr.uni-hamburg.de/record/10329/files/094_77_5041_Kietz_45v.tif</subfield>
    <subfield code="z">md5:03f0316c38a42732f71ef0bd1195f989</subfield>
  </datafield>
  <datafield tag="856" ind1="4" ind2=" ">
    <subfield code="s">73233520</subfield>
    <subfield code="u">https://www.fdr.uni-hamburg.de/record/10329/files/095_77_5041_Kietz_46r.tif</subfield>
    <subfield code="z">md5:26542a0e0091d276ad9f4e4bb813bbd9</subfield>
  </datafield>
  <datafield tag="856" ind1="4" ind2=" ">
    <subfield code="s">71419986</subfield>
    <subfield code="u">https://www.fdr.uni-hamburg.de/record/10329/files/096_77_5041_Kietz_46v.tif</subfield>
    <subfield code="z">md5:9d8dca00217b96f1450b304d0002159e</subfield>
  </datafield>
  <datafield tag="856" ind1="4" ind2=" ">
    <subfield code="s">71987608</subfield>
    <subfield code="u">https://www.fdr.uni-hamburg.de/record/10329/files/097_77_5041_Kietz_47r.tif</subfield>
    <subfield code="z">md5:bb7945b5ab62457ba62aa7b684647324</subfield>
  </datafield>
  <datafield tag="856" ind1="4" ind2=" ">
    <subfield code="s">71980510</subfield>
    <subfield code="u">https://www.fdr.uni-hamburg.de/record/10329/files/098_77_5041_Kietz_47v.tif</subfield>
    <subfield code="z">md5:95ae0b5bc9e4ae24dab52499cf46161e</subfield>
  </datafield>
  <datafield tag="856" ind1="4" ind2=" ">
    <subfield code="s">73109114</subfield>
    <subfield code="u">https://www.fdr.uni-hamburg.de/record/10329/files/099_77_5041_Kietz_48r.tif</subfield>
    <subfield code="z">md5:2ef980bbd29055b5d4b4b3aa743d8c6a</subfield>
  </datafield>
  <datafield tag="856" ind1="4" ind2=" ">
    <subfield code="s">72165622</subfield>
    <subfield code="u">https://www.fdr.uni-hamburg.de/record/10329/files/100_77_5041_Kietz_48v.tif</subfield>
    <subfield code="z">md5:c53cf23f24ab7ec46c9f442270db39b9</subfield>
  </datafield>
  <datafield tag="856" ind1="4" ind2=" ">
    <subfield code="s">109631996</subfield>
    <subfield code="u">https://www.fdr.uni-hamburg.de/record/10329/files/101_77_5041_Kietz_box_front.tif</subfield>
    <subfield code="z">md5:0f1ecd6157a354dc5d1e3df281fe5eea</subfield>
  </datafield>
  <datafield tag="856" ind1="4" ind2=" ">
    <subfield code="s">109712216</subfield>
    <subfield code="u">https://www.fdr.uni-hamburg.de/record/10329/files/102_77_5041_Kietz_box_back.tif</subfield>
    <subfield code="z">md5:e2f6c27423f8c03bcd2a766222546220</subfield>
  </datafield>
  <datafield tag="856" ind1="4" ind2=" ">
    <subfield code="s">22194118</subfield>
    <subfield code="u">https://www.fdr.uni-hamburg.de/record/10329/files/103_77_5041_Kietz_box_top_edge.tif</subfield>
    <subfield code="z">md5:0d29894491fcc15d5f0972ce43f2e63a</subfield>
  </datafield>
  <datafield tag="856" ind1="4" ind2=" ">
    <subfield code="s">32869368</subfield>
    <subfield code="u">https://www.fdr.uni-hamburg.de/record/10329/files/104_77_5041_Kietz_box_spine.tif</subfield>
    <subfield code="z">md5:214c0782e8587a1f8e78510f6595a97d</subfield>
  </datafield>
  <datafield tag="856" ind1="4" ind2=" ">
    <subfield code="s">32320290</subfield>
    <subfield code="u">https://www.fdr.uni-hamburg.de/record/10329/files/105_77_5041_Kietz_box_side_edge.tif</subfield>
    <subfield code="z">md5:82f9fc5bceb6d054f89270647947c2c9</subfield>
  </datafield>
  <datafield tag="856" ind1="4" ind2=" ">
    <subfield code="s">22004412</subfield>
    <subfield code="u">https://www.fdr.uni-hamburg.de/record/10329/files/106_77_5041_Kietz_box_bottom_edge.tif</subfield>
    <subfield code="z">md5:6d7dd909562c58150be7c40d23132b9d</subfield>
  </datafield>
  <datafield tag="856" ind1="4" ind2=" ">
    <subfield code="s">74691706</subfield>
    <subfield code="u">https://www.fdr.uni-hamburg.de/record/10329/files/107_77_5041_Kietz_box_bottom_edge_a.tif</subfield>
    <subfield code="z">md5:38434db77b4b9557bcc40542be076954</subfield>
  </datafield>
  <datafield tag="856" ind1="4" ind2=" ">
    <subfield code="s">64751568</subfield>
    <subfield code="u">https://www.fdr.uni-hamburg.de/record/10329/files/108_77_5041_Kietz_box_open.tif</subfield>
    <subfield code="z">md5:c9c14de071926b4c5a858bafbb1b164e</subfield>
  </datafield>
  <datafield tag="856" ind1="4" ind2=" ">
    <subfield code="s">91236614</subfield>
    <subfield code="u">https://www.fdr.uni-hamburg.de/record/10329/files/109_77_5041_Kietz_box_open_a.tif</subfield>
    <subfield code="z">md5:499fd0e75782cf6022b1629cc26f3de1</subfield>
  </datafield>
  <datafield tag="856" ind1="4" ind2=" ">
    <subfield code="s">68032966</subfield>
    <subfield code="u">https://www.fdr.uni-hamburg.de/record/10329/files/110_77_5041_Kietz_Watermark_01.tif</subfield>
    <subfield code="z">md5:9f2ee434112f413cfdd7937bab4134b1</subfield>
  </datafield>
  <datafield tag="856" ind1="4" ind2=" ">
    <subfield code="s">61375116</subfield>
    <subfield code="u">https://www.fdr.uni-hamburg.de/record/10329/files/111_77_5041_Kietz_Watermark_02.tif</subfield>
    <subfield code="z">md5:e30347fcbca72bbc7e67408561cfcdf1</subfield>
  </datafield>
  <datafield tag="856" ind1="4" ind2=" ">
    <subfield code="s">66251414</subfield>
    <subfield code="u">https://www.fdr.uni-hamburg.de/record/10329/files/112_77_5041_Kietz_Watermark_03.tif</subfield>
    <subfield code="z">md5:c7b75e216eeeec4fe523bb5f20fffeeb</subfield>
  </datafield>
  <datafield tag="856" ind1="4" ind2=" ">
    <subfield code="s">61948778</subfield>
    <subfield code="u">https://www.fdr.uni-hamburg.de/record/10329/files/113_77_5041_Kietz_Watermark_04.tif</subfield>
    <subfield code="z">md5:7e17eb894ebce6c77884a1a911d06901</subfield>
  </datafield>
  <datafield tag="856" ind1="4" ind2=" ">
    <subfield code="s">79829108</subfield>
    <subfield code="u">https://www.fdr.uni-hamburg.de/record/10329/files/114_77_5041_Kietz_Watermark_05.tif</subfield>
    <subfield code="z">md5:9c4a880b29d58020747bf655be16f9ce</subfield>
  </datafield>
  <datafield tag="856" ind1="4" ind2=" ">
    <subfield code="s">71673028</subfield>
    <subfield code="u">https://www.fdr.uni-hamburg.de/record/10329/files/115_77_5041_Kietz_Watermark_06.tif</subfield>
    <subfield code="z">md5:2fca13392a81bece301cd41383b0ac7c</subfield>
  </datafield>
  <datafield tag="856" ind1="4" ind2=" ">
    <subfield code="s">72743038</subfield>
    <subfield code="u">https://www.fdr.uni-hamburg.de/record/10329/files/116_77_5041_Kietz_Watermark_07.tif</subfield>
    <subfield code="z">md5:90a88c81040c5e8657b6258882751450</subfield>
  </datafield>
  <datafield tag="856" ind1="4" ind2=" ">
    <subfield code="s">61665074</subfield>
    <subfield code="u">https://www.fdr.uni-hamburg.de/record/10329/files/117_77_5041_Kietz_Watermark_08.tif</subfield>
    <subfield code="z">md5:17ce482571a4d435a702928b95a0bab2</subfield>
  </datafield>
  <datafield tag="856" ind1="4" ind2=" ">
    <subfield code="s">67653288</subfield>
    <subfield code="u">https://www.fdr.uni-hamburg.de/record/10329/files/118_77_5041_Kietz_Watermark_09.tif</subfield>
    <subfield code="z">md5:d6e556202237d55cc714184b80748048</subfield>
  </datafield>
  <datafield tag="856" ind1="4" ind2=" ">
    <subfield code="s">65476810</subfield>
    <subfield code="u">https://www.fdr.uni-hamburg.de/record/10329/files/119_77_5041_Kietz_Watermark_10.tif</subfield>
    <subfield code="z">md5:2ad3408622744d34f16267b768c14f70</subfield>
  </datafield>
  <datafield tag="856" ind1="4" ind2=" ">
    <subfield code="s">65606726</subfield>
    <subfield code="u">https://www.fdr.uni-hamburg.de/record/10329/files/120_77_5041_Kietz_Watermark_11.tif</subfield>
    <subfield code="z">md5:99baf0feb17258871e1d09c4a8bc80ee</subfield>
  </datafield>
  <datafield tag="856" ind1="4" ind2=" ">
    <subfield code="s">83388042</subfield>
    <subfield code="u">https://www.fdr.uni-hamburg.de/record/10329/files/121_77_5041_Kietz_Watermark_12.tif</subfield>
    <subfield code="z">md5:bf9ea6adbaa438aaa8ef75ed2f2b017b</subfield>
  </datafield>
  <datafield tag="856" ind1="4" ind2=" ">
    <subfield code="s">62665430</subfield>
    <subfield code="u">https://www.fdr.uni-hamburg.de/record/10329/files/122_77_5041_Kietz_Watermark_13.tif</subfield>
    <subfield code="z">md5:1f52a0d8293919f1ad492be634146f8c</subfield>
  </datafield>
  <datafield tag="856" ind1="4" ind2=" ">
    <subfield code="s">62497168</subfield>
    <subfield code="u">https://www.fdr.uni-hamburg.de/record/10329/files/123_77_5041_Kietz_Watermark_14.tif</subfield>
    <subfield code="z">md5:72a7bf078a84223fc73dc7024fbc5a7a</subfield>
  </datafield>
  <datafield tag="856" ind1="4" ind2=" ">
    <subfield code="s">65807004</subfield>
    <subfield code="u">https://www.fdr.uni-hamburg.de/record/10329/files/124_77_5041_Kietz_Watermark_15.tif</subfield>
    <subfield code="z">md5:79c212b37cae21b34b5355b04618a957</subfield>
  </datafield>
  <datafield tag="856" ind1="4" ind2=" ">
    <subfield code="s">67178528</subfield>
    <subfield code="u">https://www.fdr.uni-hamburg.de/record/10329/files/125_77_5041_Kietz_Watermark_16.tif</subfield>
    <subfield code="z">md5:1f764ae9b388e435f0bf560503e7657c</subfield>
  </datafield>
  <datafield tag="856" ind1="4" ind2=" ">
    <subfield code="s">68565544</subfield>
    <subfield code="u">https://www.fdr.uni-hamburg.de/record/10329/files/126_77_5041_Kietz_Watermark_17.tif</subfield>
    <subfield code="z">md5:00fa6e3bc026efb8f523e5a2651c76df</subfield>
  </datafield>
  <datafield tag="856" ind1="4" ind2=" ">
    <subfield code="s">74794904</subfield>
    <subfield code="u">https://www.fdr.uni-hamburg.de/record/10329/files/127_77_5041_Kietz_Watermark_18.tif</subfield>
    <subfield code="z">md5:6bf39b3f20b1536be8add7d3cc3710b8</subfield>
  </datafield>
  <datafield tag="856" ind1="4" ind2=" ">
    <subfield code="s">67508184</subfield>
    <subfield code="u">https://www.fdr.uni-hamburg.de/record/10329/files/128_77_5041_Kietz_Watermark_19.tif</subfield>
    <subfield code="z">md5:6d9a2be672f75241ec5d67a3c18175e8</subfield>
  </datafield>
  <datafield tag="856" ind1="4" ind2=" ">
    <subfield code="s">68563546</subfield>
    <subfield code="u">https://www.fdr.uni-hamburg.de/record/10329/files/129_77_5041_Kietz_Watermark_20.tif</subfield>
    <subfield code="z">md5:46e9e283caed43fc90c4070bd8fca787</subfield>
  </datafield>
  <datafield tag="856" ind1="4" ind2=" ">
    <subfield code="s">59605936</subfield>
    <subfield code="u">https://www.fdr.uni-hamburg.de/record/10329/files/130_77_5041_Kietz_Watermark_21.tif</subfield>
    <subfield code="z">md5:8000d159c423d255be6fc9a58234a688</subfield>
  </datafield>
  <datafield tag="856" ind1="4" ind2=" ">
    <subfield code="s">68250464</subfield>
    <subfield code="u">https://www.fdr.uni-hamburg.de/record/10329/files/131_77_5041_Kietz_Watermark_22.tif</subfield>
    <subfield code="z">md5:37b1a16b06bd1a319e4a2e1ce68da050</subfield>
  </datafield>
  <datafield tag="856" ind1="4" ind2=" ">
    <subfield code="s">68892800</subfield>
    <subfield code="u">https://www.fdr.uni-hamburg.de/record/10329/files/132_77_5041_Kietz_Watermark_23.tif</subfield>
    <subfield code="z">md5:b26c87886a85bd07903b3de6691d72e9</subfield>
  </datafield>
  <datafield tag="856" ind1="4" ind2=" ">
    <subfield code="s">91142802</subfield>
    <subfield code="u">https://www.fdr.uni-hamburg.de/record/10329/files/133_77_5041_Kietz_Watermark_24.tif</subfield>
    <subfield code="z">md5:71a4b0a5114a6b6195d9e1ce856ade03</subfield>
  </datafield>
  <datafield tag="650" ind1="1" ind2="7">
    <subfield code="a">cc-by</subfield>
    <subfield code="2">opendefinition.org</subfield>
  </datafield>
  <datafield tag="700" ind1=" " ind2=" ">
    <subfield code="a">Helmholz, Karsten</subfield>
    <subfield code="u">Centre for the Study of Manuscript Cultures (CSMC)</subfield>
  </datafield>
</record>

Cite record as